[Event "Najdorf Memorial"]
[Site "Warsaw POL"]
[Date "2024.07.11"]
[Round "1.1"]
[White "Praczukowski, Stanislaw"]
[Black "Kazakouski, Valery"]
[Result "0-1"]
[WhiteElo "2086"]
[BlackElo "2603"]

1. Nf3 d5 2. g3 Nd7 3. Bg2 e5 4. O-O Ngf6 5. d4 e4 6. Ne5 Be7 7. c4 c6 8.
Nc3 Nb6 9. cxd5 cxd5 10. a4 a5 11. Bf4 O-O 12. f3 exf3 13. exf3 Be6 14. Nb5
Nc4 15. Nxc4 dxc4 16. Nc7 Nd5 17. Nxa8 Nxf4 18. gxf4 Qxa8 19. Re1 Bd6 20.
Rxe6 fxe6 21. Qe2 Bxf4 22. Qxe6+ Kh8 23. Re1 Qd8 24. Re4 Qc7 25. h3 Bc1 26.
Re2 c3 27. bxc3 Qxc3 28. Qe4 Bd2 29. Kh2 Qc7+ 30. Kh1 Qc1+ 31. Kh2 Bf4+ 0-1

[Event "Najdorf Memorial"]
[Site "Warsaw POL"]
[Date "2024.07.11"]
[Round "1.2"]
[White "Krasenkow, Michal"]
[Black "Patil, Harshal"]
[Result "1-0"]
[WhiteElo "2520"]
[BlackElo "2083"]

1. Nf3 d5 2. d4 Nf6 3. c4 dxc4 4. e3 e6 5. Bxc4 a6 6. Qe2 b5 7. Bd3 Bb7 8.
e4 c5 9. dxc5 Bxc5 10. Nbd2 Nc6 11. Nb3 Bb4+ 12. Bd2 e5 13. O-O O-O 14. Be3
Nd7 15. Rac1 Qe7 16. a3 Bd6 17. Rfd1 Rfd8 18. Bb1 Rac8 19. Ba2 h6 20. Qe1
Qf6 21. Rd3 Be7 22. Rcd1 Nf8 23. Nc5 Rxd3 24. Rxd3 Bxc5 25. Bxc5 Ne6 26.
Rd6 Ncd4 27. Bxd4 exd4 28. Bxe6 fxe6 29. Rxd4 Qf4 30. Nd2 Rc2 31. b3 Qc7
32. Nf1 e5 33. Rd3 Qc5 34. b4 Qc4 35. Rd8+ Kh7 36. f3 Bc6 37. Ne3 Rc1 38.
Nxc4 Rxe1+ 39. Kf2 Ra1 40. Nxe5 Bb7 41. Rb8 1-0

[Event "Najdorf Memorial"]
[Site "Warsaw POL"]
[Date "2024.07.11"]
[Round "1.3"]
[White "Slomczewski, Michal"]
[Black "Markowski, Tomasz"]
[Result "0-1"]
[WhiteElo "2081"]
[BlackElo "2503"]

1. e4 c5 2. Nf3 d6 3. Bb5+ Nd7 4. O-O a6 5. Bxd7+ Bxd7 6. h3 Nf6 7. Re1 g6
8. d3 Bg7 9. Bg5 O-O 10. Nc3 h6 11. Be3 e5 12. Nh2 Kh7 13. Qd2 b6 14. f4
exf4 15. Bxf4 Be6 16. Ne2 Rc8 17. Rf1 d5 18. Qe3 dxe4 19. dxe4 Qe7 20. Rf3
Bc4 21. Rd1 Qxe4 22. Qxe4 Nxe4 23. Re3 Rfe8 24. b3 Bxe2 25. Rxe2 Nc3 26.
Rxe8 Rxe8 27. Rf1 f5 28. Bc7 Re2 29. Nf3 b5 30. Rf2 Rxf2 31. Kxf2 Nxa2 32.
Ke3 Nc3 33. Kd3 Kg8 0-1

[Event "Najdorf Memorial"]
[Site "Warsaw POL"]
[Date "2024.07.11"]
[Round "1.4"]
[White "Sengupta, Deep"]
[Black "Gacek, Waldemar"]
[Result "1-0"]
[WhiteElo "2491"]
[BlackElo "2081"]

1. e4 c6 2. d4 d5 3. e5 Bf5 4. h4 h5 5. Bd3 Bxd3 6. Qxd3 e6 7. Bg5 Qb6 8.
Nd2 Ne7 9. Ngf3 Nf5 10. O-O c5 11. dxc5 Bxc5 12. b4 Be7 13. Bxe7 Nxe7 14.
c4 O-O 15. Ng5 g6 16. cxd5 Nxd5 17. Nc4 Qa6 18. Rfb1 Nf4 19. Qe4 Nd5 20.
Nd6 Nc3 21. Qc2 Nxb1 22. Ndxf7 Kg7 23. Nd6 Nd7 24. Nxe6+ Kh7 25. Rxb1 Qb6
26. Re1 Rg8 27. Qd2 Rg7 28. Nxg7 Kxg7 29. Nf5+ 1-0

[Event "Najdorf Memorial"]
[Site "Warsaw POL"]
[Date "2024.07.11"]
[Round "1.5"]
[White "Suska, Szymon"]
[Black "Rozentalis, Eduardas"]
[Result "0-1"]
[WhiteElo "2079"]
[BlackElo "2480"]

1. Nf3 Nf6 2. g3 d5 3. Bg2 c6 4. d3 Bg4 5. O-O Nbd7 6. Nbd2 e6 7. Qe1 Bb4
8. a3 Ba5 9. b4 Bc7 10. Bb2 Nb6 11. Ne5 Na4 12. Nxg4 Nxg4 13. Rb1 Nxb2 14.
Rxb2 Qf6 15. Rb3 h5 16. h3 Qh6 17. d4 Nf6 18. e4 h4 19. e5 Nd7 20. f4 hxg3
21. Qxg3 f6 22. c4 fxe5 23. dxe5 O-O 24. Qg4 Rf7 25. Rg3 Raf8 26. Qg6 Qxg6
27. Rxg6 Rxf4 28. Rxe6 Rxf1+ 29. Nxf1 dxc4 30. Re7 Bb6+ 31. Kh2 c3 32. Ng3
c2 33. Ne2 Nxe5 34. Rxb7 Be3 35. Re7 Rf2 0-1

[Event "Najdorf Memorial"]
[Site "Warsaw POL"]
[Date "2024.07.11"]
[Round "1.6"]
[White "Fus, Jakub"]
[Black "Jasiulewicz, Dawid"]
[Result "1-0"]
[WhiteElo "2444"]
[BlackElo "2073"]

1. c4 c5 2. Nf3 Nf6 3. Nc3 e6 4. g3 b6 5. Bg2 Bb7 6. O-O d6 7. Re1 Be7 8.
e4 O-O 9. d4 cxd4 10. Nxd4 Re8 11. e5 dxe5 12. Bxb7 exd4 13. Ne2 Nbd7 14.
Bxa8 Qxa8 15. Nxd4 Rd8 16. Qf3 Qxf3 17. Nxf3 Nc5 18. Ne5 Bd6 19. Bf4 h6 20.
Rad1 g5 21. Nc6 1-0

[Event "Najdorf Memorial"]
[Site "Warsaw POL"]
[Date "2024.07.11"]
[Round "1.7"]
[White "Orzechowski, Jacek"]
[Black "Jarmula, Lukasz"]
[Result "1-0"]
[WhiteElo "2072"]
[BlackElo "2432"]

1. c4 g6 2. e4 Bg7 3. d4 c5 4. d5 d6 5. Bd3 e6 6. Nc3 Nf6 7. h3 O-O 8. Nf3
Na6 9. O-O Nc7 10. Bg5 h6 11. Be3 e5 12. Qd2 Nh7 13. Bxh6 f5 14. Bxg7 Kxg7
15. exf5 gxf5 16. Nh2 Qf6 17. f4 e4 18. Bxe4 fxe4 19. Nxe4 Qg6 20. Qc3+ Kh6
21. f5 Bxf5 22. Rf4 Bxe4 23. Rh4+ Kg5 24. Rg4+ Kh5 25. Rxg6 Bxg6 26. Qg3
Ne8 27. Re1 Kh6 28. Ng4+ Kg7 29. Re6 Nhf6 30. Ne3 Kf7 31. Qf4 Kg8 32. Qg5
Kh7 33. Ng4 Kg7 34. Qh6+ Kf7 35. Qf4 Kg7 36. Qh6+ Kf7 37. Qh4 Kg7 38. Re7+
Kg8 39. Nh6+ Kh8 40. Nf7+ Kg7 41. Qh6+ Kg8 42. Qh8# 1-0

[Event "Najdorf Memorial"]
[Site "Warsaw POL"]
[Date "2024.07.11"]
[Round "1.8"]
[White "Cukrowski, Filip"]
[Black "Krawczyk, Wojciech"]
[Result "1-0"]
[WhiteElo "2403"]
[BlackElo "2072"]

1. d4 Nf6 2. c4 e6 3. Nf3 b6 4. g3 Ba6 5. Qc2 c5 6. d5 exd5 7. cxd5 g6 8.
Bg2 Bg7 9. d6 Nc6 10. O-O O-O 11. Nc3 Re8 12. Rd1 h6 13. h3 Re6 14. Bf4 Qf8
15. g4 Ne8 16. Qd2 Rc8 17. Rac1 Na5 18. e4 Nc4 19. Qe2 b5 20. e5 Ncxd6 21.
Qf1 Rb8 22. a4 Nc8 23. axb5 Bb7 24. Rxd7 Nb6 25. Rdd1 Bxf3 26. Bxf3 Bxe5
27. Be3 Qe7 28. Qg2 Bxc3 29. Rxc3 Na4 30. Rc2 Rxb5 31. Bc6 Rb4 32. b3 Nb6
33. Bxc5 Re1+ 34. Rxe1 Qxe1+ 35. Qf1 Qxf1+ 36. Kxf1 Rxb3 37. Bxe8 Rxh3 38.
Kg2 Rb3 39. Rd2 Kg7 40. Rd8 a5 41. Rb8 1-0

[Event "Najdorf Memorial"]
[Site "Warsaw POL"]
[Date "2024.07.11"]
[Round "1.9"]
[White "Majocha, Piotr"]
[Black "Dzida, Kamil"]
[Result "1/2-1/2"]
[WhiteElo "2066"]
[BlackElo "2385"]

1. c4 e5 2. Nc3 Nf6 3. Nf3 e4 4. Ng5 c6 5. Ngxe4 Nxe4 6. Nxe4 d5 7. cxd5
cxd5 8. Ng3 h5 9. e3 h4 10. Ne2 Nc6 11. h3 Qf6 12. d4 Bf5 13. a3 Bd6 14.
Bd2 O-O 15. Nc3 Rfe8 16. Be2 Qg6 17. Kf1 Bc2 18. Qc1 Rac8 19. Bf3 Na5 20.
Bxd5 Nb3 21. Bxb3 Bxb3 22. Kg1 Bd5 23. Nxd5 Rxc1+ 24. Rxc1 Qd3 25. Bb4 Bxb4
26. Nxb4 Qb3 27. Kh2 a5 28. Rc3 Qxb2 29. Nd5 Qxf2 30. Rhc1 Qg3+ 31. Kh1 Qd6
32. Nf4 b5 33. Rb1 Qd7 34. Rcb3 a4 35. Rc3 Qf5 36. Rb4 Rc8 37. Rxb5 Qxb5
38. Rxc8+ Kh7 39. Rc3 Qb2 40. Nd5 Qa2 41. e4 Qb1+ 42. Kh2 Qxe4 43. Nb4 Qxd4
44. Rf3 f5 45. Rxf5 g5 46. Rf3 Kg6 47. Kh1 Qd1+ 48. Kh2 Qc1 49. Nd5 Qc5 50.
Nb4 Qd6+ 51. Kh1 Kh5 52. Nd3 Qd4 53. Nf2 Qa1+ 54. Kh2 Qe5+ 55. Kh1 Qa1+ 56.
Kh2 Qe5+ 1/2-1/2

[Event "Najdorf Memorial"]
[Site "Warsaw POL"]
[Date "2024.07.11"]
[Round "1.10"]
[White "Mis, Mieszko"]
[Black "Maack, Kjartan"]
[Result "1-0"]
[WhiteElo "2351"]
[BlackElo "2066"]

1. d4 d5 2. c4 e6 3. Nf3 c6 4. Nbd2 Nf6 5. g3 Be7 6. Bg2 O-O 7. O-O Nbd7 8.
Qc2 Re8 9. Rd1 Qc7 10. e4 dxe4 11. Nxe4 e5 12. Nxf6+ Bxf6 13. Ng5 Nf8 14.
Ne4 Be7 15. dxe5 Qxe5 16. Bf4 Qh5 17. Qb3 Ne6 18. Be3 Nc5 19. Bxc5 Bxc5 20.
Re1 Be6 21. Nxc5 Qxc5 22. Qxb7 Rab8 23. Qxc6 Qxc6 24. Bxc6 Rec8 25. Bb5
Bxc4 26. Bxc4 Rxc4 27. Rac1 Rxc1 28. Rxc1 g6 29. b3 Rb6 30. Kf1 Re6 31. Rc7
Ra6 32. Rc2 Re6 33. Re2 Rc6 34. Ke1 Rd6 35. Rd2 Rc6 36. Kd1 Kg7 37. Rc2 Re6
38. Kd2 Kf6 39. Kd3 Rd6+ 40. Ke4 Ke6 41. Rc4 h5 42. a4 Rb6 43. b4 Kd6 44.
Kd4 Rb7 45. b5 Rb6 46. Rc8 a6 47. Kc4 axb5+ 48. axb5 Kd7 49. Rc5 Re6 50.
Kb3 Re1 51. Rc2 Re4 52. h4 Re1 53. Kb4 Ra1 54. b6 Kd6 55. Kb5 Ra3 56. Rd2+
Ke6 57. b7 Rb3+ 58. Kc6 Rc3+ 59. Kb6 Rb3+ 60. Kc7 Rc3+ 61. Kd8 Rb3 62. Rd7
f6 63. Kc8 g5 64. hxg5 fxg5 65. Rh7 Rc3+ 66. Rc7 1-0

[Event "Najdorf Memorial"]
[Site "Warsaw POL"]
[Date "2024.07.11"]
[Round "1.11"]
[White "Krol, Jan"]
[Black "Zawadzka, Jolanta"]
[Result "1-0"]
[WhiteElo "2064"]
[BlackElo "2349"]

1. e4 c5 2. Nf3 e6 3. d4 cxd4 4. Nxd4 a6 5. Be3 Nf6 6. Bd3 Nc6 7. Nxc6 bxc6
8. c4 d5 9. cxd5 cxd5 10. e5 Nd7 11. Qa4 Be7 12. Nd2 O-O 13. Nf3 Qc7 14.
Rc1 Qb8 15. Qc6 Bb4+ 16. Ke2 Rd8 17. a3 Bf8 18. Bd4 g6 19. Rhe1 a5 20. Qc7
Ba6 21. Qxb8 Bxd3+ 22. Kxd3 Raxb8 23. Rc6 Bh6 24. Re2 Rb3+ 25. Kc2 a4 26.
Ra6 Rdb8 27. Rxa4 Nc5 28. Bxc5 Rxb2+ 29. Kd3 R8b3+ 30. Kd4 Rxe2 31. Ra8+
Bf8 32. Bxf8 Re4+ 33. Kc5 Rc4+ 34. Kd6 Rb6+ 35. Ke7 Rb7+ 36. Kf6 Rf4+ 37.
Kg5 Rf5+ 38. Kh4 h6 39. Bxh6+ Kh7 40. Bg5 Rc7 41. Bf6 Rh5+ 42. Kg3 g5 43.
h4 Rc4 44. Nxg5+ Kg6 45. Rg8+ Kf5 46. Nxf7 Rc3+ 47. f3 1-0

[Event "Najdorf Memorial"]
[Site "Warsaw POL"]
[Date "2024.07.11"]
[Round "1.12"]
[White "Fiszer, Bartosz"]
[Black "Przybylski, Bartosz"]
[Result "1-0"]
[WhiteElo "2335"]
[BlackElo "2060"]

1. Nf3 Nf6 2. g3 g6 3. b3 Bg7 4. Bb2 O-O 5. Bg2 c5 6. c4 d6 7. O-O e5 8. e3
h6 9. d4 cxd4 10. exd4 e4 11. Nfd2 d5 12. Nc3 Bg4 13. Qe1 Nc6 14. Nxd5 Nxd5
15. cxd5 Nxd4 16. Bxd4 Bxd4 17. Nxe4 f5 18. Rc1 Qb6 19. Nc3 f4 20. Qd2 Rae8
21. gxf4 Rf5 22. Ne4 Ref8 23. Rc4 Bg7 24. h3 Bh5 25. Ng3 R5f7 26. d6 Rd7
27. Nxh5 gxh5 28. Rd1 Rfd8 29. Qd5+ Kh8 30. Qe6 Qa5 31. Rc8 Rxc8 32. Qxd7
Rd8 33. Qe7 Qb6 34. d7 Bf6 35. Qe8+ 1-0

[Event "Najdorf Memorial"]
[Site "Warsaw POL"]
[Date "2024.07.11"]
[Round "1.13"]
[White "Szymkiewicz, Witold"]
[Black "Romanishin, Oleg M"]
[Result "1/2-1/2"]
[WhiteElo "2054"]
[BlackElo "2331"]

1. d4 Nf6 2. Nf3 g6 3. c4 d6 4. Nc3 Bf5 5. Nh4 Bd7 6. e4 e5 7. Nf3 exd4 8.
Nxd4 Bg7 9. Be2 Nc6 10. Be3 O-O 11. O-O Re8 12. f3 Nh5 13. f4 Nf6 14. Bf3
Na5 15. Qd3 Bg4 16. Rae1 Bxf3 17. Rxf3 Ng4 18. Bd2 c6 19. b4 c5 20. Ndb5
Nc6 21. h3 Nxb4 22. Qxd6 a6 23. hxg4 axb5 24. Nxb5 Rxa2 25. Qxd8 Rxd8 26.
Be3 Nc2 27. Re2 Ra1+ 28. Kf2 Nxe3 29. Rfxe3 Rc1 30. e5 Rxc4 31. g3 Bf8 32.
Rb3 Rb4 33. Rxb4 cxb4 34. Rb2 Rd3 35. Nd6 b3 36. Ne4 Ba3 37. Ke2 Rxg3 38.
Rb1 Rh3 39. Nf2 Rc3 40. Ne4 Rc4 41. Kd3 Rb4 42. Nf6+ Kg7 43. Nd5 Rb5 44.
Nc3 Rb6 45. Nd5 1/2-1/2

[Event "Najdorf Memorial"]
[Site "Warsaw POL"]
[Date "2024.07.11"]
[Round "1.14"]
[White "Johannesson, Ingvar Thor"]
[Black "Swara, Lakshmi S Nair"]
[Result "1-0"]
[WhiteElo "2314"]
[BlackElo "2049"]

1. c4 Nf6 2. g3 g6 3. Bg2 d5 4. cxd5 Nxd5 5. Nc3 Nb6 6. d3 Bg7 7. Be3 O-O
8. Qd2 Nc6 9. Bxc6 bxc6 10. Bh6 c5 11. h4 Bb7 12. Rh2 Qd4 13. h5 Rfd8 14.
hxg6 hxg6 15. Rh4 Qf6 16. Bxg7 Qxg7 17. Qe3 c4 18. dxc4 Rd7 19. Rd1 Rad8
20. Rxd7 Rxd7 21. Nf3 Bxf3 22. Qxf3 g5 23. Rh1 e6 24. Rh5 Qg6 25. Ne4 g4
26. Qc3 Kf8 27. Rh8+ Ke7 28. Qb4+ Rd6 29. c5 1-0

[Event "Najdorf Memorial"]
[Site "Warsaw POL"]
[Date "2024.07.11"]
[Round "1.15"]
[White "Pancewicz, Szymon"]
[Black "Kokoszczynski, Jan"]
[Result "0-1"]
[WhiteElo "2041"]
[BlackElo "2314"]

1. e4 c6 2. d4 d5 3. exd5 cxd5 4. Bd3 Nc6 5. c3 e6 6. Bf4 Nge7 7. Nf3 f6 8.
O-O g5 9. Bxg5 fxg5 10. Nxg5 h5 11. Qf3 Nf5 12. Nxe6 Bxe6 13. Bxf5 Bxf5 14.
Qxf5 Qd7 15. Re1+ Be7 16. Qxd7+ Kxd7 17. Nd2 Rhg8 18. Nf3 Bd6 19. Ne5+ Nxe5
20. dxe5 Bc5 21. Re2 Raf8 22. e6+ Ke7 23. Rd1 Rf5 24. b4 Bd6 25. g3 Rg6 26.
Red2 Kxe6 27. c4 Bxb4 28. Rxd5 Rgg5 29. Rd8 Bc5 30. R1d2 Rf3 31. Re2+ Kf6
32. Kg2 Rgf5 33. Rdd2 h4 34. Rc2 b6 35. Red2 a5 36. Re2 a4 37. Red2 a3 38.
Re2 Bd4 39. Rcd2 Bc5 40. Rc2 Kf7 41. Red2 Ke6 42. Re2+ Kd6 43. Red2+ Kc6
44. Re2 Bd4 45. gxh4 Rf6 46. Re6+ Kc5 47. Rxf6 Rxf6 48. Kg3 Be5+ 49. Kg4
Rf4+ 50. Kg5 Rxc4 51. Re2 Bxh2 52. h5 Bf4+ 53. Kg6 Rd4 54. Re6 Rd2 55. h6
Bxh6 56. Kxh6 Rxf2 0-1

[Event "Najdorf Memorial"]
[Site "Warsaw POL"]
[Date "2024.07.11"]
[Round "1.16"]
[White "Deszczynski, Adam"]
[Black "Gbiorczyk, Mikolaj"]
[Result "1-0"]
[WhiteElo "2305"]
[BlackElo "2034"]

1. c4 Nf6 2. Nf3 g6 3. Nc3 Bg7 4. e4 d6 5. d4 O-O 6. h3 e5 7. d5 Nh5 8. Be3
f5 9. Be2 Nf6 10. b4 c6 11. Rc1 a5 12. a3 axb4 13. axb4 Na6 14. Ra1 cxd5
15. cxd5 Bd7 16. O-O fxe4 17. Ng5 Qe7 18. Qb3 Nc7 19. b5 Bh6 20. b6 Rxa1
21. Rxa1 Nce8 22. Ne6 Bxe3 23. fxe3 Bxe6 24. dxe6 Ng7 25. Ra7 Nf5 26. Nd5
Nxd5 27. Qxd5 Rb8 28. Qxe4 Ng3 29. Qf3 Nxe2+ 30. Qxe2 Qxe6 31. Qb5 d5 32.
Qb3 Qf7 33. Qc3 Qe8 34. Qc7 d4 35. Rxb7 Rxb7 36. Qxb7 dxe3 37. Qc7 e2 38.
Kf2 Qb5 39. b7 e1=Q+ 40. Kxe1 Qb4+ 41. Ke2 Qe4+ 42. Kf1 Qd3+ 43. Kg1 1-0

[Event "Najdorf Memorial"]
[Site "Warsaw POL"]
[Date "2024.07.11"]
[Round "1.17"]
[White "Ashwath, Kaushik"]
[Black "Sriram, Jha"]
[Result "0-1"]
[WhiteElo "2029"]
[BlackElo "2304"]

1. e4 d6 2. d4 Nf6 3. Nc3 e5 4. Nf3 Nbd7 5. Bc4 Be7 6. a4 O-O 7. O-O c6 8.
Re1 h6 9. b3 Re8 10. Bb2 Bf8 11. Bd3 a5 12. Qd2 Qc7 13. Ne2 g6 14. Ng3 Bg7
15. h3 b6 16. Nh2 Bb7 17. f4 exd4 18. Bxd4 c5 19. Bc3 d5 20. e5 d4 21. Bb2
Nd5 22. Nhf1 Nf8 23. Ne4 Ne6 24. g3 Nb4 25. Nh2 Nxd3 26. cxd3 Bxe4 27. dxe4
c4 28. bxc4 Qxc4 29. Rec1 Qb3 30. Ra3 Qb4 31. Nf3 Bf8 32. Rd3 Nc5 33. Rxd4
Nb3 34. Qd1 Nxd4 35. Bxd4 Red8 36. Rb1 Qa3 37. Kg2 Qa2+ 38. Kh1 Bc5 39. e6
Qxe6 40. f5 Qxe4 0-1

[Event "Najdorf Memorial"]
[Site "Warsaw POL"]
[Date "2024.07.11"]
[Round "1.18"]
[White "Mulawa, Cyprian"]
[Black "Wojtaszewski, Piotr"]
[Result "1-0"]
[WhiteElo "2302"]
[BlackElo "2028"]

1. Nf3 d5 2. e3 Nf6 3. c4 e6 4. Nc3 c6 5. b3 Bd6 6. Bb2 Nbd7 7. Qc2 Qe7 8.
a3 O-O 9. Be2 Ne5 10. Nxe5 Bxe5 11. d4 Bd6 12. O-O dxc4 13. bxc4 e5 14. d5
cxd5 15. cxd5 Bd7 16. Rfd1 Rfc8 17. Qb3 Be8 18. a4 Nd7 19. Ne4 Nc5 20. Nxc5
Rxc5 21. a5 Qd8 22. Ba3 Rc7 23. Rab1 Rac8 24. Bb4 Bxb4 25. Qxb4 Rc5 26. d6
Bd7 27. Qxb7 Rxa5 28. Rdc1 Kf8 29. Rc7 Ke8 30. Bb5 Rxb5 31. Rxb5 Rxc7 32.
dxc7 Qc8 33. Rxe5+ 1-0

[Event "Najdorf Memorial"]
[Site "Warsaw POL"]
[Date "2024.07.11"]
[Round "1.19"]
[White "Dobosiewicz, Dawid"]
[Black "Chomczyk, Marek"]
[Result "1/2-1/2"]
[WhiteElo "2028"]
[BlackElo "2297"]

1. e4 c5 2. Nf3 e6 3. d4 cxd4 4. Nxd4 Nf6 5. Nc3 Nc6 6. Nxc6 bxc6 7. e5 Nd5
8. Ne4 Qc7 9. f4 Qb6 10. a3 Ba6 11. c4 f5 12. exf6 Nxf6 13. Nxf6+ gxf6 14.
Qh5+ Kd8 15. Bd2 Bc5 16. O-O-O Kc8 17. Bc3 Rb8 1/2-1/2

[Event "Najdorf Memorial"]
[Site "Warsaw POL"]
[Date "2024.07.11"]
[Round "1.20"]
[White "Koziorowicz, Michal"]
[Black "Bergan, Gaute"]
[Result "1/2-1/2"]
[WhiteElo "2285"]
[BlackElo "2027"]

1. e4 e5 2. Nf3 Nc6 3. Nc3 Bc5 4. Nxe5 Nxe5 5. d4 Bd6 6. dxe5 Bxe5 7. Bc4
Bxc3+ 8. bxc3 d6 9. O-O Ne7 10. Bg5 h6 11. Bh4 O-O 12. f4 Qe8 13. f5 Nc6
14. Bd5 Kh7 15. Rb1 f6 16. c4 Rb8 17. c5 dxc5 18. Bg3 Ne5 19. a3 b6 20.
Bxe5 Qxe5 21. Qg4 Bb7 22. Be6 Qxe4 23. Qg6+ Kh8 24. Rb3 Rbe8 25. Rg3 Re7
26. Rh3 Rxe6 27. Rxh6+ gxh6 28. Qxh6+ 1/2-1/2

[Event "Najdorf Memorial"]
[Site "Warsaw POL"]
[Date "2024.07.11"]
[Round "1.21"]
[White "Lecki, Leonard"]
[Black "Mickiewicz, Piotr"]
[Result "0-1"]
[WhiteElo "2026"]
[BlackElo "2257"]

1. c4 g6 2. Nc3 Bg7 3. g3 Nf6 4. Bg2 O-O 5. Nf3 c5 6. d4 cxd4 7. Nxd4 Nc6
8. O-O d6 9. Nxc6 bxc6 10. Bxc6 Rb8 11. Qe1 Bh3 12. Bg2 Bxg2 13. Kxg2 Rc8
14. Be3 Rxc4 15. f3 Qb8 16. Qd2 Rfc8 17. Rac1 Qb7 18. Kg1 h5 19. Bf2 h4 20.
e4 h3 21. b3 R4c7 22. Bd4 Qb4 23. a3 Nxe4 24. axb4 Nxd2 25. Bxg7 Kxg7 26.
Ne4 Rxc1 27. Nxd2 d5 0-1

[Event "Najdorf Memorial"]
[Site "Warsaw POL"]
[Date "2024.07.11"]
[Round "1.22"]
[White "Janeczko, Jakub"]
[Black "Celinski, Kamil"]
[Result "1/2-1/2"]
[WhiteElo "2246"]
[BlackElo "2022"]

1. e4 e5 2. Nc3 Nf6 3. Bc4 Nc6 4. d3 Bc5 5. f4 d6 6. Nf3 exf4 7. Bxf4 O-O
8. Qd2 Be6 9. Bb3 a5 10. d4 Bb4 11. O-O Nxe4 12. Qe3 Bxc3 13. Qxe4 d5 14.
Qd3 Bxb2 15. Rab1 Ba3 16. c3 g6 17. Qb5 Bf5 18. Rbe1 a4 19. Bd1 Na5 20. Bh6
c6 21. Qxa4 Nc4 22. Qb3 Re8 23. Rxe8+ Qxe8 24. Qxb7 Rb8 25. Qa7 Ra8 1/2-1/2

[Event "Najdorf Memorial"]
[Site "Warsaw POL"]
[Date "2024.07.11"]
[Round "1.23"]
[White "Nagly, Wojciech"]
[Black "Dhananjay, S"]
[Result "1/2-1/2"]
[WhiteElo "2016"]
[BlackElo "2207"]

1. d4 Nf6 2. Nf3 e6 3. e3 c5 4. c4 cxd4 5. exd4 d5 6. Nc3 Bb4 7. Bd3 dxc4
8. Bxc4 Qc7 9. Qa4+ Nc6 10. Ne5 Bd7 11. Nxd7 Nxd7 12. O-O Bxc3 13. bxc3 Nb6
14. Qb5 Nxc4 15. Qxc4 O-O 16. d5 exd5 17. Qxd5 Rfd8 18. Qc4 Qd7 19. Be3
Rac8 20. Qa4 h6 21. Rfd1 Qe6 22. h3 Qe5 23. Qg4 Qe6 24. Qxe6 fxe6 25. Rab1
b6 26. Rxd8+ Rxd8 27. c4 Nd4 28. Kf1 e5 29. Rc1 Nf5 30. Ke2 Rc8 31. Rc3 Kf7
32. Bc1 Ke6 33. f4 Nd6 34. Kd3 Nb7 35. fxe5 Kxe5 36. Bb2 Nc5+ 37. Kc2 Ke4
38. Rg3 g5 39. h4 Ne6 40. hxg5 hxg5 41. Kb3 Rf8 42. Bc1 Rf2 43. Bxg5 Nd4+
44. Ka3 Rc2 45. Bf6 Ne2 46. Rg7 Nc1 47. Bb2 Nd3 48. Bf6 a5 49. Kb3 Rf2 50.
Re7+ Kf5 51. Bd4 Rxg2 52. Bxb6 Nc1+ 53. Kc3 Nxa2+ 54. Kd4 Rd2+ 55. Kc5 a4
56. Ra7 Nc1 57. Rxa4 Nd3+ 58. Kb5 Rb2+ 59. Ka6 Ke6 60. Ra1 Rc2 61. Rd1 Ne5
62. c5 Nd7 63. Kb5 Rb2+ 64. Kc6 Ne5+ 65. Kc7 Rc2 66. Kb7 Rc3 67. Rd6+ Kf5
68. Rd8 Ke6 69. Rh8 Rc2 70. Rh6+ Kd5 71. Rd6+ Ke4 72. Rd1 Kf5 73. Kc7 Ke6
74. Rd6+ Ke7 75. Rh6 Rc1 76. Kb7 Rc2 77. Bc7 Rb2+ 78. Kc8 Nc4 79. Bd6+ Kf7
80. Rh4 Na5 81. Ra4 Nc6 82. Kd7 Nb4 83. c6 Nd5 84. Ra5 Nf6+ 85. Kc8 Ne8 86.
Be5 Rc2 87. c7 Ke7 88. Kb8 Nxc7 89. Bxc7 Kd7 90. Rd5+ Ke6 91. Rd1 Kf5 92.
Kc8 Ke4 93. Kd7 Ra2 94. Ke6 Ra6+ 95. Bd6 Rb6 96. Ra1 Rb5 97. Ra4+ Kf3 98.
Be5 Rc5 99. Kf5 Rc8 100. Ra3+ Kf2 101. Ke4 Re8 102. Ra2+ Kg1 103. Kf4 Rf8+
104. Kg3 Kf1 105. Bf4 Ke1 106. Kf3 Kd1 107. Rd2+ Ke1 108. Rd5 Rf7 109. Rc5
Rd7 110. Rc8 Rd3+ 111. Be3 Rd7 112. Rc1+ Rd1 113. Rc8 Rd7 114. Rh8 Kd1 115.
Rh1+ Kc2 116. Rc1+ Kb3 117. Ke4 Kb4 118. Bd4 Kb5 119. Ke5 Rh7 120. Rc8 Rh5+
121. Kd6 Rh6+ 122. Kd5 Rh5+ 123. Be5 Rg5 124. Rb8+ Ka5 125. Kd6 Rh5 126.
Bd4 Rb5 127. Ra8+ Kb4 128. Ra1 Kc4 129. Bc5 Rb8 130. Rc1+ Kd3 131. Kd5 Rd8+
132. Bd6 Rd7 133. Rh1 Rd8 134. Rh3+ Ke2 135. Ke5 Re8+ 136. Kd4 Rd8 137. Rh6
Re8 138. Be5 Kf3 139. Rf6+ 1/2-1/2

[Event "Najdorf Memorial"]
[Site "Warsaw POL"]
[Date "2024.07.11"]
[Round "1.24"]
[White "Chiszko, Oskar"]
[Black "Dmochowska, Agnieszka"]
[Result "1/2-1/2"]
[WhiteElo "2192"]
[BlackElo "2013"]

1. d4 Nf6 2. Nf3 e6 3. c3 d5 4. Bg5 Be7 5. e3 O-O 6. Bd3 b6 7. O-O Ba6 8.
Bxa6 Nxa6 9. Ne5 Qe8 10. Qd3 Nb8 11. Nd2 Nfd7 12. Bf4 c5 13. Bg3 Nxe5 14.
dxe5 Nc6 15. Rad1 Rd8 16. e4 d4 17. Qb5 dxc3 18. bxc3 Na5 19. Qa6 Qa4 20.
Bf4 Rd7 21. Rb1 Rfd8 22. Nb3 Qxe4 23. Nxa5 bxa5 24. Bg3 a4 25. h3 h5 26.
Rfe1 Qc2 27. Rec1 Qe4 28. Re1 Qc2 29. Rec1 Qxa2 30. Ra1 Qb3 31. Qxa4 Qd5
32. Rab1 h4 33. Bxh4 Bxh4 34. Qxh4 Qxe5 35. Qc4 Rd2 36. Re1 Qf5 37. Qh4 a5
38. Ra1 c4 39. Rf1 Qb5 40. Rfb1 Qd5 41. Ra4 Rc8 42. Rba1 Rd1+ 43. Kh2 Rxa1
44. Rxa1 Qb5 45. Rd1 a4 46. Rd8+ Rxd8 47. Qxd8+ Kh7 48. Qh4+ Kg6 1/2-1/2

[Event "Najdorf Memorial"]
[Site "Warsaw POL"]
[Date "2024.07.11"]
[Round "1.25"]
[White "Siennicki, Gustaw"]
[Black "Kowalczyk, Rafal"]
[Result "0-1"]
[WhiteElo "2012"]
[BlackElo "2185"]

1. d4 Nf6 2. c4 e6 3. g3 d5 4. Nf3 Be7 5. Bg2 O-O 6. O-O dxc4 7. Ne5 Nc6 8.
Nxc6 bxc6 9. b3 Ba6 10. bxc4 Bxc4 11. Na3 Bd5 12. Nc2 c5 13. Bf4 Bxg2 14.
Kxg2 Nd5 15. e4 Nc3 16. Qd3 cxd4 17. Nxd4 c5 18. Qxc3 cxd4 19. Qd3 Bf6 20.
Rac1 e5 21. Bd2 Qd7 22. Rc2 Rac8 23. Rfc1 Rxc2 24. Rxc2 Bd8 25. Rc5 Qe6 26.
a4 Bb6 27. Rc2 Rb8 28. Qa6 Qg4 29. f3 Qd7 30. a5 Bd8 31. g4 h6 32. Rc5 Rb2
33. Qc8 Rxd2+ 34. Kg3 Qe7 35. Rd5 Qh4# 0-1

[Event "Najdorf Memorial"]
[Site "Warsaw POL"]
[Date "2024.07.11"]
[Round "1.26"]
[White "Czajkowski, Adam"]
[Black "Bartodziej, Bartosz"]
[Result "1/2-1/2"]
[WhiteElo "2184"]
[BlackElo "2005"]

1. e4 c5 2. Nf3 d6 3. d4 cxd4 4. Nxd4 Nf6 5. Nc3 a6 6. h3 e5 7. Nde2 Be6 8.
g4 Be7 9. Bg2 O-O 10. O-O Nbd7 11. Be3 Rc8 12. Qd2 Qc7 13. Rac1 b5 14. Rfd1
Nb6 15. b3 Qb7 16. Ng3 Rfd8 17. Nd5 Bxd5 18. exd5 g6 19. Ne4 1/2-1/2

[Event "Najdorf Memorial"]
[Site "Warsaw POL"]
[Date "2024.07.11"]
[Round "1.27"]
[White "Krasiewicz, Robert"]
[Black "Padalka, Artem"]
[Result "0-1"]
[WhiteElo "2004"]
[BlackElo "2177"]

1. c4 Nf6 2. g3 e6 3. Bg2 d5 4. Nf3 Be7 5. O-O O-O 6. b3 a5 7. Bb2 Nc6 8.
d4 Ne4 9. Ne5 f5 10. f3 Nxe5 11. fxe4 Ng4 12. exd5 Ne3 13. Qe1 Nxf1 14.
Qxf1 exd5 15. Bxd5+ Kh8 16. Qf2 Bg5 17. Nc3 f4 18. g4 c6 19. Bf3 Bh4 20.
Qf1 Qxd4+ 21. Kg2 Qf6 22. h3 Qg6 23. Be4 Qg5 24. Ba3 Rf7 25. Bf3 Bf5 26.
Kh1 Bg6 27. Rd1 Qe5 28. Na4 Rd8 29. Rxd8+ Bxd8 30. Qd1 Be7 31. Bb2 Qd6 32.
Qe1 Bd8 33. c5 Qe6 34. Bc3 Be4 35. Bxa5 Bxa5 36. Qxa5 Bxf3+ 37. exf3 Re7
38. Qd2 Qe1+ 39. Qxe1 Rxe1+ 40. Kg2 Re2+ 41. Kg1 Rxa2 42. Nc3 Rb2 0-1

[Event "Najdorf Memorial"]
[Site "Warsaw POL"]
[Date "2024.07.11"]
[Round "1.28"]
[White "Mirski, Stanislaw"]
[Black "Zareba, Piotr"]
[Result "1/2-1/2"]
[WhiteElo "2174"]
[BlackElo "2003"]

1. d4 Nf6 2. Nf3 e6 3. g3 b6 4. c4 Bb7 5. Bg2 Be7 6. O-O O-O 7. Re1 d6 8.
Nc3 Ne4 9. Qc2 f5 10. Nd2 d5 11. cxd5 exd5 12. Nf3 Nd7 13. Bf4 g5 14. Be5
g4 15. Nd2 Nxe5 16. dxe5 Bc5 17. e3 Qe7 18. Ncxe4 fxe4 19. Nb3 Qxe5 20.
Nxc5 bxc5 21. Qxc5 Qxb2 22. Rab1 Qxf2+ 23. Kh1 c6 24. Rf1 Qe2 25. Qe7 Ba6
26. Qg5+ Kh8 27. Qe5+ Kg8 28. Qe6+ Kh8 29. Qe5+ Kg8 30. Qg5+ Kh8 31. Qe5+
1/2-1/2

[Event "Najdorf Memorial"]
[Site "Warsaw POL"]
[Date "2024.07.11"]
[Round "1.29"]
[White "Van Der Veen, Ronald"]
[Black "Pujari, Rucha"]
[Result "0-1"]
[WhiteElo "2003"]
[BlackElo "2173"]

1. d4 d5 2. c4 e6 3. Nf3 Nf6 4. Nc3 Be7 5. Bg5 h6 6. Bh4 O-O 7. e3 b6 8.
Be2 dxc4 9. Bxc4 Ba6 10. Qb3 Bxc4 11. Qxc4 c5 12. O-O Nbd7 13. Rfd1 Qc8 14.
dxc5 bxc5 15. Ne4 Rb8 16. Nxf6+ Nxf6 17. b3 Rb4 18. Qc2 Qb7 19. Bg3 Rc8 20.
Rac1 a5 21. Rd4 Nd5 22. Rc4 Nb6 23. Rc3 a4 24. h3 Nd5 25. Rc4 axb3 26. Rxb4
Nxb4 27. axb3 Nxc2 0-1